000 00443nam a22001217a 4500
082 _a200 THE
100 _aNayab Irfan
_969460
245 _aTH-SOF-1565-Compiling and Classification of Next Generation Wireless Mobile Networks 5G & Massive MIMO Researched Data
260 _aISLAMABAD
_bNUST COLLAGE OF EME
_c2018
650 _aMS-CSE-14 MSTHESIS
700 _aAdvisor Dr. Arslan Shaukat Co Advisor Dr. Wasi Haider Butt
_969461
942 _cCF
999 _c576727
_d576727